Statistics for Biggest Trading Partners - Brazil

Click here to take the quiz!

General Stats

  • This quiz has been taken 26 times
  • The average score is 30 of 32

Answer Stats

ImportCountry% Correct
$13,6 bilArgentina
100%
$15,3 bilArgentina
100%
$5,5 bilCanada
100%
$5,6 bilCanada
100%
$67,7 bilChina
100%
$89,7 bilChina
100%
$5,3 bilColombia
100%
$6,9 bilGermany
100%
$13,4 bilGermany
100%
$5,8 bilJapan
100%
$7,6 bilJapan
100%
$7,5 bilRussia
100%
$9,8 bilSpain
100%
$4,1 bilSpain
100%
$37,6 bilUnited States
100%
$54,3 bilUnited States
100%
$4,9 bilChile
95%
$9,1 bilChile
95%
$6,5 bilIndia
95%
$9,6 bilIndia
95%
$8,3 bilMexico
95%
$5,7 bilMexico
95%
$6,3 bilPortugal
95%
$8,7 bilSouth Korea
95%
$6,2 bilSouth Korea
95%
$5,2 bilFrance
90%
$4,9 bilItaly
90%
$6,1 bilItaly
90%
$5,5 bilNetherlands
85%
$11,9 bilNetherlands
85%
$5,6 bilSaudi Arabia
80%
$8,1 bilSingapore
55%

Score Distribution

Percentile by Number Answered

Percent of People with Each Score

Your Score History

You have not taken this quiz